000 00634cam a22002173a 4500
001 43325
003 PGUSA
005 20140828084003.0
008 130727s2013||||xxu|||||s|||||000 | eng d
040 _aPGUSA
_beng
042 _adc
100 1 _aHocking, Silas K.
_q(Silas Kitto),
_d1850-1935
245 1 0 _aHer Benny :
_bA Story of Street Life
_h[electronic resource] /
_cSilas K. Hocking
260 _bProject Gutenberg,
_c2013
506 _aPublic domain in the USA.
516 _aElectronic text
700 1 _aTuck, Harry
830 0 _aProject Gutenberg
_v43325
856 4 0 _uhttp://www.gutenberg.org/ebooks/43325
942 _cEB
999 _c272576
_d272576